[Event "Nutcracker Rapid 2014"]
[Site "Moscow RUS"]
[Date "2014.12.24"]
[Round "1.1"]
[White "Shirov, Alexei"]
[Black "Dubov, Daniil"]
[Result "0-1"]
[WhiteTitle "GM"]
[BlackTitle "GM"]
[WhiteElo "2675"]
[BlackElo "2629"]
[WhiteTeam "Kings"]
[BlackTeam "Princes"]
[WhiteFideId "2209390"]
[BlackFideId "24126055"]
[EventDate "2014.12.24"]

1. e4 e6 2. d4 d5 3. e5 c5 4. c3 Nc6 5. Nf3 Qb6 6. a3 f6 7. b4 fxe5 8. bxc5 Qa5
9. Bd2 e4 10. Ng5 Nf6 11. Be2 Be7 12. Bh5+ g6 13. Be2 Qd8 14. h4 h6 15. Nh3 e5
16. Be3 Kf7 17. Nd2 Kg7 18. Nf1 Qa5 19. Bd2 Qc7 20. Be3 Be6 21. Ng3 Rad8 22. O-O
Qc8 23. dxe5 Nxe5 24. Nf4 Bf7 25. Bd4 Nc6 26. Bg4 Qc7 27. Ne6+ Bxe6 28. Bxe6
Nxd4 29. cxd4 h5 30. Qb3 b6 31. cxb6 axb6 32. Rac1 Qd6 33. Bh3 Ng4 34. Rc3 Bxh4
35. Bxg4 hxg4 36. Rfc1 Rd7 37. Rc6 Qf4 38. R1c2 Rh6 39. Nf1 Bxf2+ 40. Rxf2 Rh1+
41. Kxh1 Qxf2 42. Rc1 Rd8 43. Rc7+ Kf6 44. Rc6+ Kg7 45. Rc7+ Kf6 46. Rc6+ Kf5
47. Ne3+ Kg5 48. Rxg6+ Kxg6 49. Qxb6+ Qf6 50. Qc7 Qd6 51. Qb7 Rb8 0-1

[Event "Nutcracker Rapid 2014"]
[Site "Moscow RUS"]
[Date "2014.12.24"]
[Round "1.2"]
[White "Dreev, Aleksey"]
[Black "Artemiev, Vladislav"]
[Result "1-0"]
[WhiteTitle "GM"]
[BlackTitle "GM"]
[WhiteElo "2649"]
[BlackElo "2662"]
[WhiteTeam "Kings"]
[BlackTeam "Princes"]
[WhiteFideId "4100107"]
[BlackFideId "24101605"]
[EventDate "2014.12.24"]

1. d4 Nf6 2. c4 g6 3. Nf3 Bg7 4. e3 O-O 5. Be2 e6 6. Nc3 d5 7. O-O b6 8. cxd5
exd5 9. b4 Bb7 10. Qb3 Nc6 11. a4 a5 12. b5 Ne7 13. Ba3 Re8 14. Ne5 Nf5 15. Rac1
h5 16. Bd3 Nd6 17. f3 Bh6 18. Rce1 Nd7 19. Nxd5 Nxe5 20. dxe5 Rxe5 21. Nf4 Qe8
22. Qc3 Bg7 23. Qxc7 Rxe3 24. Rd1 Rc8 25. Qxd6 Be5 26. Qxb6 Bxf4 27. Qxb7 Rc3
28. Bc1 Rxc1 29. Rxc1 Rxd3 30. Rc8 Rd8 31. Rxd8 Qxd8 32. Qe4 Qd6 33. g3 Bxg3 34.
f4 Bh4 35. f5 Be7 36. fxg6 fxg6 37. Qc4+ Kh8 38. Qc3+ Kg8 39. Qb3+ Kh8 40. Qe3
Kg7 41. Qf4 Qd5 42. Qf3 Qd4+ 43. Kh1 Bd6 44. Qg2 Kh6 45. Rg1 Qd3 46. b6 h4 47.
Rf1 Qc4 48. b7 Be5 49. Re1 Qc3 50. Qe4 h3 51. Qe3+ 1-0

[Event "Nutcracker Rapid 2014"]
[Site "Moscow RUS"]
[Date "2014.12.24"]
[Round "1.3"]
[White "Oparin, Grigoriy"]
[Black "Morozevich, Alexander"]
[Result "1/2-1/2"]
[WhiteTitle "GM"]
[BlackTitle "GM"]
[WhiteElo "2543"]
[BlackElo "2712"]
[WhiteTeam "Princes"]
[BlackTeam "Kings"]
[WhiteFideId "24125890"]
[BlackFideId "4116992"]
[EventDate "2014.12.24"]

1. e4 c5 2. Nf3 e6 3. d4 cxd4 4. Nxd4 Nc6 5. Nc3 Qc7 6. Be2 Nf6 7. O-O Be7 8.
Be3 O-O 9. f4 d6 10. Ndb5 Qb8 11. a4 b6 12. Bf3 Bb7 13. Qe2 a6 14. Na3 Qc7 15.
Nc4 Nd7 16. Rfd1 Rab8 17. Rd2 Na5 18. Nxa5 bxa5 19. Rad1 Nb6 20. Rd3 Bf6 21. Kh1
Rfd8 22. b3 Rbc8 23. Nb1 Ba8 24. Nd2 d5 25. Bxb6 Qxb6 26. exd5 exd5 27. Nf1 d4
28. Bxa8 Rxa8 29. Nd2 Re8 30. Qf2 Qc7 31. Nc4 Re4 32. Ne5 Re8 33. Rxd4 Rxd4 34.
Rxd4 Bxe5 35. fxe5 Qxe5 36. h3 g6 37. Rd7 Qa1+ 38. Kh2 Qe5+ 39. Kh1 Qa1+ 40. Kh2
Qe5+ 1/2-1/2

[Event "Nutcracker Rapid 2014"]
[Site "Moscow RUS"]
[Date "2014.12.24"]
[Round "1.4"]
[White "Fedoseev, Vladimir3"]
[Black "Leko, Peter"]
[Result "1-0"]
[WhiteTitle "GM"]
[BlackTitle "GM"]
[WhiteElo "2661"]
[BlackElo "2723"]
[WhiteTeam "Princes"]
[BlackTeam "Kings"]
[WhiteFideId "24130737"]
[BlackFideId "703303"]
[EventDate "2014.12.24"]

1. e4 e5 2. Nf3 Nc6 3. Bb5 Nf6 4. d3 Bc5 5. c3 O-O 6. O-O d6 7. h3 Ne7 8. d4 Bb6
9. Re1 d5 10. Nxe5 Nxe4 11. Nd2 Nd6 12. Bd3 c6 13. Ndf3 Bf5 14. Bf4 Bc7 15. Qc2
Bxd3 16. Nxd3 Ng6 17. Bh2 Ne4 18. Nfe5 Nxe5 19. Bxe5 f6 20. Bxc7 Qxc7 21. Re2
Rfe8 22. Rae1 Qf7 23. Qa4 Re6 24. Nf4 Ree8 25. c4 g5 26. cxd5 cxd5 27. Nd3 a6
28. Nb4 Kg7 29. Qa5 Rad8 30. f3 Nd6 31. Rxe8 Rxe8 32. Rxe8 Nxe8 33. Nxd5 Qe6 34.
Kf2 h5 35. h4 Qf5 36. Qc5 gxh4 37. Qe7+ Kh6 38. Qf8+ Kh7 39. Qxe8 Qxd5 40. Qe4+
Qxe4 41. fxe4 Kg6 42. Kf3 Kg5 43. d5 Kg6 44. Kf4 1-0

[Event "Nutcracker Rapid 2014"]
[Site "Moscow RUS"]
[Date "2014.12.24"]
[Round "2.1"]
[White "Artemiev, Vladislav"]
[Black "Shirov, Alexei"]
[Result "1/2-1/2"]
[WhiteTitle "GM"]
[BlackTitle "GM"]
[WhiteElo "2662"]
[BlackElo "2675"]
[WhiteTeam "Princes"]
[BlackTeam "Kings"]
[WhiteFideId "24101605"]
[BlackFideId "2209390"]
[EventDate "2014.12.24"]

1. c4 e5 2. Nc3 Nc6 3. Nf3 Nf6 4. d3 g6 5. g3 Bg7 6. Bg2 O-O 7. O-O d6 8. Rb1 a5
9. a3 Re8 10. Nd2 Nd4 11. e3 Ne6 12. b4 axb4 13. axb4 c6 14. Qb3 h5 15. h4 Ng4
16. Bb2 f5 17. b5 Bd7 18. Nf3 f4 19. exf4 exf4 20. Ne4 fxg3 21. fxg3 Nc5 22.
Nxc5 dxc5 23. Bxg7 Kxg7 24. Ng5 Kg8 25. Qc3 Rf8 26. bxc6 bxc6 27. d4 Bf5 28.
Rbd1 cxd4 29. Rxd4 Qe7 30. c5 Qe2 31. Rd2 Qe3+ 32. Qxe3 Nxe3 33. Re1 Nxg2 34.
Kxg2 Ra5 35. Re5 Bg4 36. Rb2 Rfa8 37. Rf2 Ra2 38. Re8+ Rxe8 39. Rxa2 Re5 40.
Ra8+ Kg7 41. Ra7+ Kg8 42. Ra5 Kg7 43. Ra7+ 1/2-1/2

[Event "Nutcracker Rapid 2014"]
[Site "Moscow RUS"]
[Date "2014.12.24"]
[Round "2.2"]
[White "Oparin, Grigoriy"]
[Black "Dreev, Aleksey"]
[Result "1/2-1/2"]
[WhiteTitle "GM"]
[BlackTitle "GM"]
[WhiteElo "2543"]
[BlackElo "2649"]
[WhiteTeam "Princes"]
[BlackTeam "Kings"]
[WhiteFideId "24125890"]
[BlackFideId "4100107"]
[EventDate "2014.12.24"]

1. d4 d5 2. c4 c6 3. Nc3 Nf6 4. Nf3 e6 5. e3 Nbd7 6. Bd3 dxc4 7. Bxc4 b5 8. Bd3
Bd6 9. O-O Bb7 10. a3 O-O 11. Qc2 a5 12. e4 e5 13. dxe5 Nxe5 14. Nxe5 Bxe5 15.
h3 Re8 16. Be3 Bd4 17. Bxd4 Qxd4 18. Rad1 Qc5 19. Rfe1 h6 20. Nd5 Qxc2 21. Nxf6+
gxf6 22. Bxc2 c5 23. Rd6 Ra6 24. Rxa6 Bxa6 25. Rd1 b4 26. Rd5 Rc8 27. Rd6 Bc4
28. f4 Rb8 29. a4 b3 30. Bd1 Rb4 31. Rc6 Rxa4 32. Rxc5 Be6 33. Kf2 Ra2 34. Ke3
a4 35. Ra5 Bd7 36. Bg4 Bxg4 37. hxg4 Rxb2 38. Rxa4 Rxg2 39. Kf3 Rc2 40. Ra8+ Kg7
41. f5 Rc3+ 42. Kf4 Rc1 43. Rb8 Rb1 44. Ke3 b2 45. Kd2 Kh7 46. Rb7 Kg8 47. Kc2
Re1 48. Rxb2 Rxe4 49. Kd3 Rxg4 50. Ke3 Kg7 51. Kf3 h5 52. Rb6 Rg5 53. Kf4 Rg1
54. Rb5 Kh6 55. Rb7 Rg4+ 56. Kf3 Kg7 57. Rb6 Rc4 58. Rb1 Rg4 59. Rb6 1/2-1/2

[Event "Nutcracker Rapid 2014"]
[Site "Moscow RUS"]
[Date "2014.12.24"]
[Round "2.3"]
[White "Morozevich, Alexander"]
[Black "Fedoseev, Vladimir3"]
[Result "0-1"]
[WhiteTitle "GM"]
[BlackTitle "GM"]
[WhiteElo "2712"]
[BlackElo "2661"]
[WhiteTeam "Kings"]
[BlackTeam "Princes"]
[WhiteFideId "4116992"]
[BlackFideId "24130737"]
[EventDate "2014.12.24"]

1. e4 c6 2. d4 d5 3. e5 Bf5 4. h4 h5 5. Bd3 Bxd3 6. Qxd3 e6 7. Bg5 Qb6 8. Nd2
Qa6 9. c4 Nd7 10. Ne2 Be7 11. O-O Bxg5 12. hxg5 Ne7 13. Nf4 g6 14. b3 O-O-O 15.
Qc3 Kb8 16. c5 b6 17. b4 bxc5 18. dxc5 Qa4 19. Nf3 Nf5 20. Ne2 Ka8 21. Rab1 h4
22. Rb3 h3 23. g4 d4 24. Qd3 Nh4 25. Nxh4 Rxh4 26. Qe4 Nb8 27. Nxd4 Qxa2 28.
Nxc6 Rd5 29. Na5 Nc6 30. Rg3 Nxa5 31. bxa5 Qxa5 32. c6 h2+ 33. Kh1 Qb5 34. Re1
Qxc6 35. Rf3 Qb7 36. Rf4 Rh8 37. Kg2 Qc7 38. Qf3 Qxe5 39. Rh1 Rh7 40. Rxf7 Rxf7
41. Qxf7 Qe4+ 42. Qf3 Qxf3+ 43. Kxf3 a5 44. Rxh2 a4 45. Ke4 Rxg5 46. f4 Ra5 47.
Ra2 a3 48. Kd4 Kb7 49. Kc4 Kb6 50. Kb4 Ra8 51. Kb3 Kb5 52. Ra1 a2 53. Kc3 Kc5
54. Kb2 Kb4 55. Kc2 Ka3 56. Kc3 Ra4 0-1

[Event "Nutcracker Rapid 2014"]
[Site "Moscow RUS"]
[Date "2014.12.24"]
[Round "2.4"]
[White "Leko, Peter"]
[Black "Dubov, Daniil"]
[Result "1/2-1/2"]
[WhiteTitle "GM"]
[BlackTitle "GM"]
[WhiteElo "2723"]
[BlackElo "2629"]
[WhiteTeam "Kings"]
[BlackTeam "Princes"]
[WhiteFideId "703303"]
[BlackFideId "24126055"]
[EventDate "2014.12.24"]

1. e4 e5 2. Nf3 Nc6 3. Bb5 a6 4. Ba4 g6 5. c3 Nge7 6. d4 exd4 7. cxd4 b5 8. Bc2
d5 9. exd5 Nxd5 10. O-O Be6 11. Nc3 Bg7 12. Bg5 Nxc3 13. bxc3 Qd7 14. Be4 f5 15.
Bxc6 Qxc6 16. Ne5 Bxe5 17. dxe5 O-O 18. Bf6 Rf7 19. Qc1 Raf8 20. Rd1 Rd7 21.
Rxd7 Qxd7 22. h4 Rf7 23. h5 Qe8 24. Qh6 Rd7 25. a4 Qf8 26. Qg5 Kf7 27. axb5 axb5
28. hxg6+ hxg6 29. Qh4 Bd5 30. Qh7+ Ke6 31. Qxg6 Qf7 32. Qg5 Qh7 33. Ra6+ c6 34.
Qe3 Be4 35. Ra1 Qg6 36. f3 Rd3 37. Qg5 Qxg5 38. Bxg5 Bd5 39. Rc1 Kxe5 1/2-1/2

[Event "Nutcracker Rapid 2014"]
[Site "Moscow RUS"]
[Date "2014.12.24"]
[Round "3.1"]
[White "Shirov, Alexei"]
[Black "Oparin, Grigoriy"]
[Result "1/2-1/2"]
[WhiteTitle "GM"]
[BlackTitle "GM"]
[WhiteElo "2675"]
[BlackElo "2543"]
[WhiteTeam "Kings"]
[BlackTeam "Princes"]
[WhiteFideId "2209390"]
[BlackFideId "24125890"]
[EventDate "2014.12.24"]

1. e4 c5 2. Nf3 d6 3. d4 cxd4 4. Nxd4 Nf6 5. Nc3 a6 6. h3 e5 7. Nde2 h5 8. g3
Nbd7 9. a4 b6 10. Bg2 Bb7 11. O-O Be7 12. Bg5 O-O 13. Qd2 Rc8 14. Rfd1 Re8 15.
Qe3 Rc4 16. b3 Rc5 17. Rd3 Qc7 18. Rad1 Qc6 19. h4 b5 20. axb5 axb5 21. Bh3 Bf8
22. Bxd7 Nxd7 23. Qf3 Qc8 24. Be3 b4 25. Bxc5 Nxc5 26. Nd5 Nxd3 27. Qxd3 Bxd5
28. exd5 Qc5 29. c4 bxc3 30. Nxc3 Rb8 31. Ne4 Qb4 32. Ng5 g6 33. Qf3 Rb7 34. Rc1
Qxb3 35. Qxb3 Rxb3 36. Rc7 Rd3 37. Rxf7 Rxd5 38. Rb7 Bh6 39. Ne4 Rd1+ 40. Kg2
Kf8 41. Nf6 Bg7 42. Nh7+ Kg8 43. Ng5 Bh6 44. Ne4 Kf8 45. Rd7 d5 46. Nc3 Rd2 47.
Rxd5 Rxd5 48. Nxd5 Kf7 49. Kf3 Ke6 50. Ke4 Bd2 51. Nc7+ Kd6 52. Nb5+ Ke6 53. Na3
Be1 1/2-1/2

[Event "Nutcracker Rapid 2014"]
[Site "Moscow RUS"]
[Date "2014.12.24"]
[Round "3.2"]
[White "Dreev, Aleksey"]
[Black "Fedoseev, Vladimir3"]
[Result "1/2-1/2"]
[WhiteTitle "GM"]
[BlackTitle "GM"]
[WhiteElo "2649"]
[BlackElo "2661"]
[WhiteTeam "Kings"]
[BlackTeam "Princes"]
[WhiteFideId "4100107"]
[BlackFideId "24130737"]
[EventDate "2014.12.24"]

1. d4 Nf6 2. c4 e6 3. Nc3 d5 4. cxd5 Nxd5 5. e4 Nxc3 6. bxc3 c5 7. a3 g6 8. Nf3
Bg7 9. Bb5+ Bd7 10. Bd3 Nc6 11. Be3 Qa5 12. Qd2 O-O 13. e5 f6 14. exf6 Bxf6 15.
Bc4 b5 16. Ba2 Kh8 17. h4 e5 18. dxe5 Nxe5 19. Nxe5 Bxe5 20. O-O Qc7 21. Rae1
Bf5 22. Qd5 Rfd8 23. Qxc5 Qxc5 24. Bxc5 Bxc3 25. Re7 a5 26. Rb7 Rac8 27. Bb6 Rd2
28. Bb1 Bg4 29. Rc1 Be5 30. Re1 Re2 31. Rf1 b4 32. axb4 axb4 33. Ba5 Rxf2 34.
Kxf2 Rf8+ 35. Ke3 Rxf1 36. Rxb4 Bd7 37. Bd3 Rf8 38. Bb6 Bc6 39. Be4 Rf4 40. Bc5
Rxe4+ 1/2-1/2

[Event "Nutcracker Rapid 2014"]
[Site "Moscow RUS"]
[Date "2014.12.24"]
[Round "3.3"]
[White "Dubov, Daniil"]
[Black "Morozevich, Alexander"]
[Result "1-0"]
[WhiteTitle "GM"]
[BlackTitle "GM"]
[WhiteElo "2629"]
[BlackElo "2712"]
[WhiteTeam "Princes"]
[BlackTeam "Kings"]
[WhiteFideId "24126055"]
[BlackFideId "4116992"]
[EventDate "2014.12.24"]

1. Nf3 d5 2. d4 Nf6 3. c4 e6 4. Nc3 dxc4 5. e4 Bb4 6. Bxc4 Nxe4 7. O-O Nxc3 8.
bxc3 Be7 9. Re1 O-O 10. h4 c5 11. Ng5 Nd7 12. d5 Bxg5 13. Bxg5 Nf6 14. d6 Bd7
15. Qf3 Bc6 16. Qg3 Kh8 17. Bd3 h6 18. Rad1 hxg5 19. hxg5 Nh7 20. Bxh7 Kxh7 21.
f4 c4 22. Qh3+ Kg8 23. Kf2 Qb6+ 24. Re3 Be4 25. Rh1 f6 26. Qxe6+ Rf7 27. Qxe4 f5
28. Qe6 1-0

[Event "Nutcracker Rapid 2014"]
[Site "Moscow RUS"]
[Date "2014.12.24"]
[Round "4.1"]
[White "Fedoseev, Vladimir3"]
[Black "Shirov, Alexei"]
[Result "1/2-1/2"]
[WhiteTitle "GM"]
[BlackTitle "GM"]
[WhiteElo "2661"]
[BlackElo "2675"]
[WhiteTeam "Princes"]
[BlackTeam "Kings"]
[WhiteFideId "24130737"]
[BlackFideId "2209390"]
[EventDate "2014.12.24"]

1. e4 c5 2. Nf3 Nc6 3. Bb5 e6 4. Bxc6 bxc6 5. d3 Ne7 6. Qe2 Qc7 7. h4 h5 8. e5
f6 9. b3 fxe5 10. Nxe5 d6 11. Nc4 e5 12. Bb2 Nd5 13. Nbd2 Be7 14. g3 Bf5 15.
O-O-O O-O-O 16. Rde1 g6 17. Ne4 Rhe8 18. Kb1 Kb7 19. Qd2 Ka8 20. f3 Nb6 21. Ne3
Bc8 22. Ng5 Bxg5 23. hxg5 Rf8 24. Ref1 Nd5 25. Ng2 Ne7 26. Nh4 Nf5 27. Qe1 Nxh4
28. Rxh4 Rf7 29. f4 Rdf8 30. Qd2 Bg4 31. Re1 exf4 32. gxf4 Re7 33. Rhh1 Rfe8 34.
Rxe7 Rxe7 35. Bf6 Re2 36. Qc3 Bf5 37. Re1 Rxe1+ 38. Qxe1 Qd7 39. Kc1 Kb7 40. Kd2
Qe6 41. Qxe6 Bxe6 42. Ke3 h4 43. Kf3 h3 44. Kg3 Bg4 45. Bc3 Kc7 46. Be1 Kd7 47.
a3 Bd1 48. c3 Bxb3 49. Kxh3 Ke6 50. Bf2 Bc2 51. d4 cxd4 52. Bxd4 c5 53. Bg7 Kd5
54. Bf8 Kc6 55. Kg3 d5 56. Kf2 Kb5 57. Ke3 Kc4 58. Kd2 Ba4 59. Bd6 Bd7 60. Bb8
a5 61. a4 Kb3 62. Ba7 c4 63. Bb6 Kxa4 64. Kc2 Kb5 65. Bd4 1/2-1/2

[Event "Nutcracker Rapid 2014"]
[Site "Moscow RUS"]
[Date "2014.12.24"]
[Round "4.2"]
[White "Dubov, Daniil"]
[Black "Dreev, Aleksey"]
[Result "0-1"]
[WhiteTitle "GM"]
[BlackTitle "GM"]
[WhiteElo "2629"]
[BlackElo "2649"]
[WhiteTeam "Princes"]
[BlackTeam "Kings"]
[WhiteFideId "24126055"]
[BlackFideId "4100107"]
[EventDate "2014.12.24"]

1. d4 d5 2. c4 c6 3. Nf3 Nf6 4. Nc3 e6 5. g3 Nbd7 6. Bg2 dxc4 7. O-O Be7 8. a4
O-O 9. a5 b5 10. axb6 Qxb6 11. Qa4 Bb7 12. Ne5 Nxe5 13. dxe5 Ng4 14. Bf4 g5 15.
Bd2 Nxe5 16. Ne4 c5 17. Bc3 Ng6 18. Qxc4 Bd5 19. Qa4 Qb7 20. Bf6 Rab8 21. Rfd1
Bb3 22. Qd7 Bxd1 23. Qxd1 Qc7 24. Bc3 f5 25. Nd2 Bf6 26. Bxf6 Rxf6 27. Nc4 Rf7
28. Qc1 Qd8 29. Na5 Qd6 30. Qxg5 Rd7 31. h4 Rg7 32. Qc1 Nxh4 33. Nc4 Qd4 34. e3
Qf6 35. gxh4 Kh8 36. Kf1 Rbg8 37. Qc3 Qxc3 38. bxc3 Rxg2 39. Rxa7 R2g4 40. Ne5
Rxh4 41. Nf7+ Kg7 42. Ne5+ Kf6 43. Nd7+ Ke7 44. Nxc5+ Kd6 45. Nd3 Rc8 46. Nf4
Rxc3 47. Ne2 Rc7 48. Ra6+ Rc6 49. Ra7 e5 50. f4 exf4 51. Nd4 Rc5 52. Ra6+ Kd7
53. Ra7+ Rc7 54. Ra5 Rh2 55. Rd5+ Kc8 0-1

[Event "Nutcracker Rapid 2014"]
[Site "Moscow RUS"]
[Date "2014.12.24"]
[Round "4.3"]
[White "Morozevich, Alexander"]
[Black "Artemiev, Vladislav"]
[Result "1/2-1/2"]
[WhiteTitle "GM"]
[BlackTitle "GM"]
[WhiteElo "2712"]
[BlackElo "2662"]
[WhiteTeam "Kings"]
[BlackTeam "Princes"]
[WhiteFideId "4116992"]
[BlackFideId "24101605"]
[EventDate "2014.12.24"]

1. d4 d5 2. c4 c6 3. cxd5 cxd5 4. Nc3 Nf6 5. Bf4 Nc6 6. e3 a6 7. Be2 Bf5 8. Nf3
e6 9. Qb3 Bd6 10. Bxd6 Qxd6 11. O-O O-O 12. Rac1 Na5 13. Qa4 Nc6 14. a3 b5 15.
Qd1 Na5 16. a4 Qb4 17. axb5 axb5 18. Nxb5 Qxb2 19. Qd2 Qxd2 20. Nxd2 Ne4 21.
Nxe4 Bxe4 22. Rc3 Rac8 23. Rfc1 Rxc3 24. Rxc3 Rb8 25. Nd6 Bg6 26. h4 h5 27. f4
Rb6 28. Nc8 Rb7 29. Ba6 Rb1+ 30. Kh2 Kf8 31. Rc7 Nb3 32. Rd7 Ke8 33. Ra7 Nd2 34.
Ne7 Be4 35. Nc6 Rb2 36. Ra8+ Kd7 37. Ne5+ Ke7 38. Ra7+ Ke8 39. Nxf7 Kf8 40. Ng5
Nf3+ 41. Nxf3 Bxf3 42. Bf1 Be4 43. Ra1 Kf7 44. Re1 Kf6 45. Kg3 Rb3 46. Kf2 Rb2+
47. Re2 Rxe2+ 48. Bxe2 g6 49. g3 Bb1 50. Ke1 Be4 51. Kd2 Bf5 52. Bf3 Ke7 53. Kc3
Kf6 54. Kb4 Bh3 55. Kc5 Bf5 56. Kd6 Bh3 57. e4 dxe4 58. Bxe4 Bg4 59. Bc6 Bd1 60.
Be4 Bb3 61. Kd7 Ba4+ 62. Kd8 Bb5 63. Bc2 Bc6 64. Kc7 Bb5 65. Bb3 Ke7 66. Bd1 Bc4
67. Bf3 Bd3 68. Kc6 Bc2 69. Kc5 Bd3 70. d5 exd5 71. Kd4 Bb1 72. Ke5 Kf7 73.
Bxd5+ Kg7 74. Be6 Bc2 75. f5 gxf5 76. Bxf5 Bd1 77. Be4 Kh6 78. Kf4 Ba4 79. Bf3
Be8 80. Ke5 Bd7 81. Kf6 Bc8 82. Be4 Bd7 83. Bf5 Bb5 1/2-1/2

[Event "Nutcracker Rapid 2014"]
[Site "Moscow RUS"]
[Date "2014.12.24"]
[Round "4.4"]
[White "Leko, Peter"]
[Black "Oparin, Grigoriy"]
[Result "1/2-1/2"]
[WhiteTitle "GM"]
[BlackTitle "GM"]
[WhiteElo "2723"]
[BlackElo "2543"]
[WhiteTeam "Kings"]
[BlackTeam "Princes"]
[WhiteFideId "703303"]
[BlackFideId "24125890"]
[EventDate "2014.12.24"]

1. d4 d5 2. c4 e6 3. Nf3 Nf6 4. g3 Bb4+ 5. Bd2 Be7 6. Bg2 O-O 7. O-O c6 8. Qc2
b6 9. b3 Nbd7 10. Rd1 Ba6 11. a4 c5 12. Na3 Qc8 13. Qb2 Ne4 14. Be1 Bf6 15. e3
Bb7 16. Rac1 Qe8 17. Ne5 Rd8 18. Ng4 Be7 19. cxd5 exd5 20. Nb5 f5 21. Ne5 Nxe5
22. dxe5 a6 23. Nc3 Rf7 24. Ne2 Bf8 25. f3 Ng5 26. h4 Ne6 27. Bf2 Rfd7 28. f4
Qh5 29. Rd2 d4 30. Bxb7 dxe3 31. Rxd7 Rxd7 32. Bxe3 Rxb7 33. Kf2 Rd7 34. Qc2 Qf7
35. Qc4 Nc7 36. Qxf7+ Kxf7 37. a5 Ne6 38. axb6 Rb7 39. Rc3 Rxb6 40. Nc1 Rb5 41.
Nd3 g6 42. Nb2 h6 43. Ke2 g5 44. hxg5 hxg5 45. Nc4 Kg6 46. Rd3 Rb7 47. fxg5 Be7
48. Kf3 Bf8 49. Nd6 Rb4 50. Nc4 Rb7 51. Ke2 Be7 52. Kf3 1/2-1/2

[Event "Nutcracker Rapid 2014"]
[Site "Moscow RUS"]
[Date "2014.12.25"]
[Round "5.1"]
[White "Shirov, Alexei"]
[Black "Fedoseev, Vladimir3"]
[Result "0-1"]
[WhiteTitle "GM"]
[BlackTitle "GM"]
[WhiteElo "2675"]
[BlackElo "2661"]
[WhiteTeam "Kings"]
[BlackTeam "Princes"]
[WhiteFideId "2209390"]
[BlackFideId "24130737"]
[EventDate "2014.12.24"]

1. e4 c6 2. d4 d5 3. e5 Bf5 4. Nf3 e6 5. Be2 Nd7 6. O-O Bg6 7. Nbd2 Nh6 8. Nb3
Nf5 9. g4 Nh6 10. Ng5 Qe7 11. f4 f6 12. Nh3 f5 13. g5 Ng4 14. Nf2 Nxf2 15. Kxf2
h6 16. h4 hxg5 17. hxg5 c5 18. Be3 c4 19. Nd2 Qb4 20. Rb1 Qa5 21. a3 Be7 22. c3
Kf7 23. Rh1 Qd8 24. Nf3 Bh5 25. Kg3 g6 26. Rh4 Qb6 27. Qc2 Qb3 28. Qxb3 cxb3 29.
Rbh1 Rhc8 30. Bd1 Nb6 31. Bxb3 Bxa3 32. Bc1 Be7 33. Ne1 a5 34. Nd3 a4 35. Bd1 a3
36. Bxh5 a2 37. Bxg6+ Kxg6 38. Nc5 Bxc5 39. dxc5 Rh8 0-1

[Event "Nutcracker Rapid 2014"]
[Site "Moscow RUS"]
[Date "2014.12.25"]
[Round "5.2"]
[White "Dreev, Aleksey"]
[Black "Dubov, Daniil"]
[Result "1-0"]
[WhiteTitle "GM"]
[BlackTitle "GM"]
[WhiteElo "2649"]
[BlackElo "2629"]
[WhiteTeam "Kings"]
[BlackTeam "Princes"]
[WhiteFideId "4100107"]
[BlackFideId "24126055"]
[EventDate "2014.12.24"]

1. d4 Nf6 2. c4 e6 3. Nc3 Bb4 4. Qc2 b6 5. a3 Bxc3+ 6. Qxc3 Bb7 7. Nf3 O-O 8.
Bg5 h6 9. Bh4 g5 10. Bg3 Ne4 11. Qc2 c5 12. e3 cxd4 13. Nxd4 Qf6 14. Rd1 Na6 15.
f3 Nxg3 16. hxg3 d5 17. cxd5 Rac8 18. Qd2 Rfd8 19. Bxa6 Bxa6 20. e4 exd5 21. e5
Re8 22. f4 Re7 23. Qe3 Rce8 24. Kd2 Qg6 25. Rh2 h5 26. f5 Qh6 27. e6 fxe6 28.
fxe6 Rxe6 29. Nxe6 Rxe6 30. Rxh5 Rxe3 31. Rxh6 Rxg3 32. Rd6 Rxg2+ 33. Kc3 Rg3+
34. Kd4 Kf7 35. Re1 g4 36. Ke5 Bc4 37. Kf4 Rb3 38. Kg5 d4 39. Rd7+ Kf8 40. Rd8+
Kf7 41. Rxd4 Rb5+ 42. Kh4 Be6 43. Rf4+ Rf5 44. Rxf5+ Bxf5 45. Rc1 Ke6 46. Rc7
Kd5 47. Rxa7 Kc4 48. Ra4+ Kc5 49. Rf4 Be6 50. Kg3 Bd7 51. Re4 Kd5 52. Kf4 Be6
53. Re5+ Kd6 54. Rg5 Bd7 55. Ke4 Bc8 56. Kd4 Be6 57. Rg6 b5 58. Ke4 Ke7 59. Ke5
Bd7 60. Rg7+ Ke8 61. b3 1-0

[Event "Nutcracker Rapid 2014"]
[Site "Moscow RUS"]
[Date "2014.12.25"]
[Round "5.3"]
[White "Artemiev, Vladislav"]
[Black "Morozevich, Alexander"]
[Result "0-1"]
[WhiteTitle "GM"]
[BlackTitle "GM"]
[WhiteElo "2662"]
[BlackElo "2712"]
[WhiteTeam "Princes"]
[BlackTeam "Kings"]
[WhiteFideId "24101605"]
[BlackFideId "4116992"]
[EventDate "2014.12.24"]

1. Nf3 Nf6 2. c4 c6 3. g3 g6 4. b3 Bg7 5. Bb2 d6 6. Bg2 e5 7. d3 O-O 8. O-O Re8
9. Nbd2 a5 10. a3 Nh5 11. Qc2 c5 12. Ne4 Nc6 13. e3 f5 14. Nc3 Nf6 15. Rad1 h6
16. Nd2 Be6 17. Nd5 Bf7 18. Nxf6+ Bxf6 19. Nb1 d5 20. cxd5 Bxd5 21. Bxd5+ Qxd5
22. Nc3 Qf3 23. Nb5 h5 24. Nc7 h4 25. Rfe1 h3 26. Kf1 Nd4 27. Qc4+ Kf8 28. Qxc5+
Kg7 29. Qd5 Qxd5 30. Nxd5 Nf3 31. Nc7 Rec8 32. Rc1 Nxe1 33. Nxa8 Rxc1 34. Bxc1
Nxd3 35. Bd2 Bd8 36. Ke2 e4 37. Bc3+ Kf7 38. Bd4 Nc1+ 39. Kd1 Nxb3 40. Bb6 Bxb6
41. Nxb6 Ke6 42. Kc2 Nc5 43. Kd2 Nd7 44. Nc4 Ne5 45. Nxa5 b6 46. Nb3 Nf3+ 47.
Ke2 Nxh2 48. a4 Ng4 49. Kf1 h2 50. Kg2 Nxf2 51. Kxh2 Ng4+ 52. Kg1 Nxe3 53. a5
bxa5 54. Nxa5 Kd5 55. Kf2 Nc4 56. Nb3 g5 57. Nc1 f4 58. gxf4 gxf4 59. Ne2 Ke5
60. Nc3 Ne3 61. Nb5 Ng4+ 62. Kf1 f3 63. Nc3 e3 0-1

[Event "Nutcracker Rapid 2014"]
[Site "Moscow RUS"]
[Date "2014.12.25"]
[Round "5.4"]
[White "Oparin, Grigoriy"]
[Black "Leko, Peter"]
[Result "1/2-1/2"]
[WhiteTitle "GM"]
[BlackTitle "GM"]
[WhiteElo "2543"]
[BlackElo "2723"]
[WhiteTeam "Princes"]
[BlackTeam "Kings"]
[WhiteFideId "24125890"]
[BlackFideId "703303"]
[EventDate "2014.12.24"]

1. e4 e5 2. Nc3 Nc6 3. g3 Bc5 4. Bg2 a6 5. d3 d6 6. Nge2 Nge7 7. O-O O-O 8. Kh1
f5 9. f4 Ba7 10. fxe5 Nxe5 11. d4 N5g6 12. Be3 fxe4 13. Nxe4 Rxf1+ 14. Qxf1 Bf5
15. Nf4 Qd7 16. c3 Rf8 17. Qe2 Nxf4 18. Bxf4 Ng6 19. Bd2 d5 20. Nf2 c6 21. Re1
Bb8 22. Nd3 Bd6 23. a4 h6 24. Nf2 Qf7 25. Kg1 Kh7 26. Qf3 Qd7 27. Qe2 Qf7 28.
Qf3 Qc7 29. Qh5 Ne7 30. Ng4 Bg6 31. Qh3 Ng8 32. Ne5 Bxe5 33. Rxe5 Nf6 34. Qh4
Rf7 35. g4 Ne4 36. Bxe4 dxe4 37. h3 b5 38. axb5 axb5 39. Qe1 Rf3 40. Kg2 Rf8 41.
Be3 Qd7 42. Qe2 Rf3 43. Bf2 Qf7 44. Bg3 Rf6 45. h4 e3 46. h5 Bb1 47. Qxe3 Qc4 1/2-1/2